| 000 | 00440cam a22001337a 4500 | ||
|---|---|---|---|
| 008 | 180718b1948 xxu||||| |||| 00| 0 eng d | ||
| 082 | _aR23x5422 M264m | ||
| 100 | _aMadhya Pradesh. Municipal Employees Minimum Wage fixation Committee | ||
| 245 | _aReport of the Municipal Employees Minimum Wage fixation Committee | ||
| 260 |
_aIndore _bThe author _c1948 |
||
| 300 | _a33p. | ||
| 500 | _aChairman: S. Joshi | ||
| 700 | _aJoshi, S. (Chairman) | ||
| 999 |
_c489611 _d489611 |
||